[Event "IX Weekend U16"]
[Site "Porto Sant'Elpidio ITA"]
[Date "2006.11.26"]
[Round "5"]
[White "Illuminati Petrella, Daniele"]
[Black "Balzano, Aldo"]
[Result "0-1"]
[WhiteElo "1458"]
[BlackElo "1503"]
[PlyCount "76"]
[EventDate "2006.11.18"]

1. e4 c5 2. Nf3 d6 3. d4 cxd4 4. Nxd4 Nf6 5. Nc3 a6 6. Bg5 e6 7. f4 Qc7 8. Qd2
b5 9. Nf3 Nbd7 10. a3 Bb7 11. Bxf6 Nxf6 12. e5 Ne4 13. Nxe4 Bxe4 14. exd6 Bxd6
15. Bd3 Bxf4 16. Qe2 Bxd3 17. Qxd3 O-O 18. O-O Rfd8 19. Qe2 Rd5 20. Rad1 Rad8
21. Rxd5 Rxd5 22. Rd1 Qd6 23. Rxd5 Qxd5 24. g3 Bc1 25. Kg2 h6 26. Qf2 e5 27.
Kh3 Qe6+ 28. Kg2 e4 29. Nd4 Qd5 30. Kg1 e3 31. Qf5 Qxf5 32. Nxf5 Bxb2 33. Nxe3
Bxa3 34. Kf2 Bc5 35. Kf3 a5 36. Ke2 Bd4 37. Nd1 a4 38. c3 a3 0-1

[Event "IX Weekend U16"]
[Site "Porto Sant'Elpidio ITA"]
[Date "2006.11.26"]
[Round "5"]
[White "Marconi, Gabriele"]
[Black "Ferretti, Francesco Maria"]
[Result "1/2-1/2"]
[WhiteElo "1404"]
[BlackElo "1449"]
[PlyCount "120"]
[EventDate "2006.11.18"]

1. d4 d5 2. c4 c6 3. e3 Nf6 4. Nc3 Bf5 5. Nf3 Nbd7 6. g3 e6 7. Bg2 Bb4 8. Qb3
Qa5 9. Bd2 O-O 10. c5 Rab8 11. a3 b6 12. O-O Bxc3 13. Bxc3 Qa6 14. cxb6 Nxb6
15. Rfd1 Nc4 16. Qa2 Ne4 17. Bf1 Nxc3 18. bxc3 Qa4 19. Bxc4 Qxc4 20. Qxc4 dxc4
21. Ne5 Rb7 22. Nxc6 Be4 23. Na5 Rb3 24. Nxc4 Rxc3 25. Rdc1 Rxc1+ 26. Rxc1 Rc8
27. f3 Bd5 28. Rb1 Bxc4 29. Rb7 Bd5 30. Rxa7 Bxf3 31. a4 f6 32. a5 Ra8 33.
Rxa8+ Bxa8 34. Kf2 Kf7 35. Ke2 Ke7 36. Kd3 Kd6 37. Kc4 Kc6 38. e4 Kd6 39. Kd3
f5 40. e5+ Kc7 41. Kc4 h5 42. Kd3 g5 43. h4 gxh4 44. gxh4 f4 45. Ke2 Bg2 46.
Kf2 f3 47. Kg3 Kb7 48. Kf2 Bh3 49. Kxf3 Bf1 50. Kf4 Bc4 51. Kg5 Be2 52. Kf6 Bc4
53. Kg5 Be2 54. Kf6 Bc4 55. Ke7 Kc7 56. a6 Bb3 57. Kf6 Bc4 58. Kg5 Be2 59. Kf6
Bc4 60. Ke7 Bb3 1/2-1/2

[Event "IX Weekend U16"]
[Site "Porto Sant'Elpidio ITA"]
[Date "2006.11.26"]
[Round "5"]
[White "Santanafessa, Mattia"]
[Black "Bastarelli, Lorenzo"]
[Result "1-0"]
[WhiteElo "1356"]
[BlackElo "1356"]
[PlyCount "123"]
[EventDate "2006.11.18"]

1. e4 e5 2. Nf3 Nc6 3. g3 Nf6 4. d3 Bd6 5. Bg2 O-O 6. O-O Qe7 7. Nc3 b6 8. Nd5
Nxd5 9. exd5 Nd4 10. Nxd4 exd4 11. Re1 Qd8 12. Qg4 Re8 13. Bg5 Be7 14. Bf4 d6
15. Qh5 g6 16. Qh6 Bf8 17. Rxe8 Qxe8 18. Qh4 Be7 19. Bg5 Bxg5 20. Qxg5 Qf8 21.
Re1 Bd7 22. b3 c5 23. dxc6 Be8 24. c7 Rc8 25. Re7 h6 26. Qf6 a5 27. Bh3 Ra8 28.
c8=Q Rxc8 29. Bxc8 b5 30. Bd7 Bxd7 31. Rxd7 a4 32. Rd8 axb3 33. Rxf8+ Kxf8 34.
Qxd4 bxc2 35. Qb2 c1=Q+ 36. Qxc1 b4 37. Qc6 Ke7 38. d4 Ke6 39. d5+ Ke5 40. Qe8+
Kxd5 41. Qxf7+ Kd4 42. Qf6+ Kc4 43. Qxd6 Kc3 44. a3 b3 45. Qb4+ Kc2 46. a4 b2
47. a5 b1=Q+ 48. Qxb1+ Kxb1 49. a6 Kc1 50. a7 Kd1 51. a8=Q Ke1 52. Qe4+ Kd2 53.
Qxg6 h5 54. Qg5+ Ke2 55. Qxh5+ Kd3 56. g4 Ke4 57. g5 Kf5 58. g6+ Kf6 59. Qh6
Ke7 60. g7 Kf7 61. Qh7 Ke8 62. g8=R# 1-0

[Event "IX Weekend U16"]
[Site "Porto Sant'Elpidio ITA"]
[Date "2006.11.26"]
[Round "5"]
[White "Zucca, Edoardo"]
[Black "Capponi, Alessio"]
[Result "0-1"]
[WhiteElo "1374"]
[BlackElo "1440"]
[PlyCount "90"]
[EventDate "2006.11.18"]

1. e4 e5 2. Nf3 Nc6 3. Nc3 Nf6 4. Bc4 Bb4 5. d3 Bxc3+ 6. bxc3 d5 7. exd5 Nxd5
8. d4 Na5 9. Bxd5 Qxd5 10. Nxe5 Qxg2 11. Qf3 Qxf3 12. Nxf3 O-O 13. Rg1 Re8+ 14.
Kd1 g6 15. Bh6 Bf5 16. Rb1 b6 17. Rb5 Be6 18. Re1 Bxa2 19. Rbe5 Re6 20. d5 Rd8
21. Kc1 Bxd5 22. Nd4 Rxe5 23. Rxe5 Bc6 24. Nxc6 Nxc6 25. Rg5 f5 26. h4 a5 27.
h5 Kf7 28. hxg6+ hxg6 29. Rg2 a4 30. Bg5 Ra8 31. Rh2 Ke6 32. Rh7 a3 33. Kb1 a2+
34. Ka1 Ne5 35. Rxc7 Nf3 36. Bc1 Ne1 37. Rc6+ Kd7 38. Rxb6 Nxc2+ 39. Kb2 a1=Q+
40. Kxc2 Qa2+ 41. Rb2 Qa4+ 42. Kb1 Qe4+ 43. Rc2 Ra1+ 44. Kb2 Qa4 45. c4 Qa3#
0-1

[Event "IX Weekend U16"]
[Site "Porto Sant'Elpidio ITA"]
[Date "2006.11.26"]
[Round "6"]
[White "Balzano, Aldo"]
[Black "Capponi, Alessio"]
[Result "1-0"]
[WhiteElo "1503"]
[BlackElo "1440"]
[PlyCount "61"]
[EventDate "2006.11.18"]

1. d4 d5 2. c4 Nf6 3. cxd5 Qxd5 4. Nc3 Qd8 5. e4 Nc6 6. d5 Ne5 7. f4 Neg4 8. h3
Nh6 9. e5 Nd7 10. Bc4 g6 11. Nf3 Bg7 12. O-O Nb6 13. Bb3 O-O 14. Qc2 Bf5 15.
Qe2 e6 16. Rd1 Qe7 17. Nd4 Rad8 18. g4 exd5 19. gxf5 Nxf5 20. Nxf5 gxf5 21. Be3
Nc8 22. Nxd5 Qe8 23. Nxc7 Qc6 24. Rac1 Qg6+ 25. Qg2 Rxd1+ 26. Rxd1 Qxg2+ 27.
Kxg2 a6 28. Rd7 Nb6 29. Bxb6 Bh6 30. Bc5 Re8 31. Nxe8 1-0

[Event "IX Weekend U16"]
[Site "Porto Sant'Elpidio ITA"]
[Date "2006.11.26"]
[Round "6"]
[White "Balzano, Filli"]
[Black "Donati, Michele"]
[Result "1-0"]
[WhiteElo "1440"]
[BlackElo "1347"]
[PlyCount "77"]
[EventDate "2006.11.18"]

1. e4 c5 2. Nf3 Nc6 3. d4 b6 4. Bf4 Nf6 5. Nc3 cxd4 6. Nxd4 Nxd4 7. Qxd4 d6 8.
Qd2 e5 9. Be3 Bb7 10. f3 Be7 11. Bc4 O-O 12. O-O-O Qc7 13. Bb3 Nd7 14. a3 Rac8
15. Kb1 Ba6 16. Nd5 Qd8 17. Nxe7+ Qxe7 18. Qxd6 Qxd6 19. Rxd6 Nc5 20. Bxc5 Rxc5
21. Rd7 Bc4 22. Bxc4 Rxc4 23. Rxa7 Rfc8 24. c3 h6 25. Rb7 R8c6 26. Rd1 f6 27.
Rd8+ Kh7 28. Rdb8 Rd6 29. Kc2 Rcc6 30. Re8 Kg6 31. Ree7 Rd8 32. Rxg7+ Kh5 33.
Rg4 Rcd6 34. Rbg7 Rd2+ 35. Kb3 Rf2 36. R7g6 Rd6 37. Rg3 Rfd2 38. Rg7 Re2 39.
Rh3# 1-0

[Event "IX Weekend U16"]
[Site "Porto Sant'Elpidio ITA"]
[Date "2006.11.26"]
[Round "6"]
[White "Bastarelli, Lorenzo"]
[Black "Giampieri, Stefano"]
[Result "0-1"]
[WhiteElo "1356"]
[BlackElo "1410"]
[PlyCount "94"]
[EventDate "2006.11.18"]

1. e4 Nf6 2. e5 Ne4 3. d3 Nc5 4. Be3 d6 5. Nf3 Bf5 6. d4 Ncd7 7. Nc3 c6 8. g3
Bg4 9. Bg2 g6 10. O-O Bg7 11. Bf4 dxe5 12. dxe5 O-O 13. Qd2 Bxf3 14. Bxf3 Bxe5
15. Bh6 Bg7 16. Bg4 Ne5 17. Qe2 Nxg4 18. Qxg4 Bxh6 19. Rad1 Qa5 20. Qh3 Bg7 21.
Rd3 Bxc3 22. bxc3 Qxa2 23. Rfd1 Na6 24. Qh6 Qxc2 25. Rd4 Qxc3 26. Rh4 Qg7 27.
Rh3 Qxh6 28. Rxh6 Nc5 29. Rd4 g5 30. h4 f6 31. f4 a5 32. hxg5 Rad8 33. Rc4 Nb3
34. gxf6 Rxf6 35. f5 Rxh6 36. Rg4+ Kf7 37. Ra4 Rd2 38. Rf4 Rb2 39. g4 Rd6 40.
g5 Rd1+ 41. Rf1 Rxf1+ 42. Kxf1 a4 43. Ke1 a3 44. g6+ hxg6 45. fxg6+ Kxg6 46.
Kd1 a2 47. Ke1 a1=Q# 0-1

[Event "IX Weekend U16"]
[Site "Porto Sant'Elpidio ITA"]
[Date "2006.11.26"]
[Round "6"]
[White "Bastarelli, Marco"]
[Black "Santanafessa, Mattia"]
[Result "1-0"]
[WhiteElo "1452"]
[BlackElo "1356"]
[PlyCount "85"]
[EventDate "2006.11.18"]

1. e4 e5 2. Nf3 Nc6 3. Bb5 a6 4. Bxc6 dxc6 5. Nxe5 Nf6 6. d3 Qe7 7. Nf3 g6 8.
Nc3 Bg7 9. Be3 O-O 10. O-O Bg4 11. h3 Bxf3 12. Qxf3 Rae8 13. Rfe1 b5 14. Bf4
Nh5 15. g3 Nxf4 16. gxf4 b4 17. Nd1 f5 18. e5 Qd7 19. a3 Qd4 20. Qe3 Qxe3 21.
Rxe3 Bh6 22. Rf3 bxa3 23. Rxa3 Ra8 24. Rc3 g5 25. Rxc6 Kg7 26. Rxc7+ Rf7 27.
Rxf7+ Kxf7 28. fxg5 Bxg5 29. Rxf5+ Kg6 30. Rf3 Rc8 31. c4 a5 32. Nc3 Ra8 33. b3
Bd2 34. Nd5 Rb8 35. d4 Rb7 36. e6 Bg5 37. Nf4+ Bxf4 38. Rxf4 Kg5 39. Rf3 Re7
40. d5 h5 41. c5 h4 42. Rf7 Rxf7 43. exf7 1-0

[Event "IX Weekend U16"]
[Site "Porto Sant'Elpidio ITA"]
[Date "2006.11.26"]
[Round "6"]
[White "Ferretti, Francesco Maria"]
[Black "Zucca, Edoardo"]
[Result "1-0"]
[WhiteElo "1449"]
[BlackElo "1374"]
[PlyCount "53"]
[EventDate "2006.11.18"]

1. d4 d5 2. c4 c6 3. Nc3 Nf6 4. Nf3 Bf5 5. Bf4 e6 6. e3 Bb4 7. Qb3 Bxc3+ 8.
bxc3 b6 9. cxd5 cxd5 10. Bb5+ Nbd7 11. Bd6 Ne4 12. Ba3 Rc8 13. Ne5 Rc7 14. Rc1
f6 15. Bxd7+ Rxd7 16. Nxd7 Qxd7 17. f3 Nd6 18. Bxd6 Qxd6 19. Qa4+ Kf7 20. Qxa7+
Qe7 21. Qxe7+ Kxe7 22. O-O Bd3 23. Rfe1 Rc8 24. e4 dxe4 25. fxe4 b5 26. Re3 Bc4
27. a3 1-0

[Event "IX Weekend U16"]
[Site "Porto Sant'Elpidio ITA"]
[Date "2006.11.26"]
[Round "6"]
[White "Gasparini, Diletta"]
[Black "Binci, Luca"]
[Result "1/2-1/2"]
[WhiteElo "1431"]
[BlackElo "1473"]
[PlyCount "160"]
[EventDate "2006.11.18"]

1. e4 d6 2. f4 Nf6 3. Nc3 g6 4. d4 Bg7 5. Nf3 O-O 6. Be2 c6 7. b4 Nbd7 8. e5
dxe5 9. dxe5 Ne8 10. Ne4 Nc7 11. Bc4 e6 12. Bb2 Nb6 13. Bb3 Nbd5 14. Bxd5 cxd5
15. Nc5 b6 16. Nb3 Bb7 17. Qd2 Rc8 18. O-O-O Ba6 19. Nbd4 Qd7 20. Kb1 Nb5 21.
Nxb5 Bxb5 22. c3 Bc4 23. a3 a5 24. Rde1 Ra8 25. Qd4 Qc6 26. Nd2 Bb5 27. Rc1
Rfd8 28. Qe3 Rab8 29. g3 a4 30. Qd4 Ba6 31. Rhe1 b5 32. Nf3 Qb6 33. Re2 Qxd4
34. Nxd4 Rdc8 35. Nf3 Bb7 36. Ne1 Rc4 37. Ng2 Rbc8 38. h4 h5 39. Ne1 Bf8 40.
Nd3 Be7 41. Ne1 Bd8 42. Nd3 Bb6 43. Ne1 d4 44. cxd4 Rxc1+ 45. Bxc1 Bxd4 46. Bb2
Bc3 47. Re3 Bd2 48. Re2 Bxe1 49. Rxe1 Rc4 50. Ka1 Bd5 51. Rc1 Re4 52. Rg1 Kf8
53. Kb1 Re2 54. Kc1 Ke7 55. Bd4 Kd7 56. Bc3 Kc6 57. Re1 Rxe1+ 58. Bxe1 Bc4 59.
Kd2 Kd5 60. Ke3 Ba2 61. Kd3 Bb1+ 62. Kd2 Kc4 63. Kc1 Be4 64. Kb2 Kd3 65. Kc1
Ke2 66. Bc3 Kd3 67. Be1 Kc4 68. Kb2 Kd5 69. Kc3 Kc6 70. Kd4 Bc2 71. Bd2 Bb3 72.
Be3 Bc4 73. Bf2 Kd7 74. Be3 Ke7 75. Bc1 f6 76. Bd2 fxe5+ 77. Kxe5 Kf7 78. Bc1
Ke7 79. Be3 Kf7 80. Bc1 Ke7 1/2-1/2

[Event "IX Weekend U16"]
[Site "Porto Sant'Elpidio ITA"]
[Date "2006.11.26"]
[Round "6"]
[White "Marconi, Luca"]
[Black "Binci, Filippo"]
[Result "1/2-1/2"]
[WhiteElo "1527"]
[BlackElo "1497"]
[PlyCount "29"]
[EventDate "2006.11.18"]

1. d4 Nf6 2. c4 g6 3. e3 Bg7 4. Bd3 d6 5. Nf3 O-O 6. O-O Bg4 7. Nbd2 Nbd7 8. b3
c6 9. Bb2 Re8 10. h3 Bxf3 11. Nxf3 Qc7 12. Qc2 e5 13. dxe5 dxe5 14. Be4 Nxe4
15. Qxe4 1/2-1/2

[Event "IX Weekend U16"]
[Site "Porto Sant'Elpidio ITA"]
[Date "2006.11.26"]
[Round "6"]
[White "Miandro, Steven"]
[Black "Illuminati Petrella, Daniele"]
[Result "0-1"]
[WhiteElo "1497"]
[BlackElo "1458"]
[PlyCount "70"]
[EventDate "2006.11.18"]

1. d4 Nf6 2. c4 d6 3. Nc3 g6 4. e4 Bg7 5. f3 Nbd7 6. Be3 c6 7. Qd2 O-O 8. O-O-O
Qa5 9. Kb1 Rb8 10. g4 b5 11. cxb5 cxb5 12. Bxb5 Rxb5 13. Nxb5 Qxb5 14. Ne2 Bb7
15. Rc1 Rb8 16. Ng3 Ba6 17. Rc3 Nb6 18. Rhc1 Rc8 19. Rxc8+ Bxc8 20. Rc7 a5 21.
Qc2 Ba6 22. Rc3 a4 23. h4 d5 24. e5 Nfd7 25. h5 Nc4 26. Bf4 e6 27. hxg6 fxg6
28. Nf1 Bf8 29. Qh2 Na3+ 30. Ka1 Qxf1+ 31. Rc1 Qxf3 32. bxa3 Bxa3 33. Bh6 Bxc1
34. Bxc1 Qc3+ 35. Bb2 Qe1+ 0-1

[Event "IX Weekend U16"]
[Site "Porto Sant'Elpidio ITA"]
[Date "2006.11.26"]
[Round "6"]
[White "Tommasi, Fabio"]
[Black "Marconi, Gabriele"]
[Result "0-1"]
[WhiteElo "1419"]
[BlackElo "1404"]
[PlyCount "92"]
[EventDate "2006.11.18"]

1. e4 e5 2. Nf3 Nc6 3. Bc4 Bc5 4. d3 Nf6 5. Nc3 O-O 6. O-O d6 7. h3 a6 8. Bg5
h6 9. Bh4 b5 10. Bb3 g5 11. Bg3 Bd7 12. Nd5 Nd4 13. Nxd4 Bxd4 14. c3 Bc5 15.
Re1 c6 16. Nxf6+ Qxf6 17. Qd2 Rab8 18. Rad1 b4 19. d4 bxc3 20. bxc3 exd4 21.
cxd4 Bb4 22. e5 dxe5 23. dxe5 Bxd2 24. exf6 Bxe1 25. Bxb8 Rxb8 26. Rxd7 Rf8 27.
Rc7 Rd8 28. Bxf7+ Kf8 29. Bc4 Rd1 30. Rxc6 Bc3+ 31. Kh2 Rd8 32. Bxa6 Be5+ 33.
g3 Rd2 34. Kg2 Bd4 35. Kf3 Rxf2+ 36. Ke4 Bxf6 37. a4 Rh2 38. Rxf6+ Kg7 39. Kf5
Rf2+ 40. Ke5 Rxf6 41. Be2 Kf7 42. Bh5+ Ke7 43. h4 Ra6 44. Bd1 Ra5+ 45. Kd4 Kd6
46. hxg5 Rd5+ 0-1

[Event "XI Weekend B"]
[Site "Gorgonzola ITA"]
[Date "2006.11.11"]
[Round "1"]
[White "Acunzo, Domenico"]
[Black "Masotti, Roberto"]
[Result "1-0"]
[WhiteElo "1778"]
[BlackElo "1892"]
[PlyCount "73"]
[EventDate "2006.11.11"]

1. e4 c5 2. Nf3 e6 3. d4 cxd4 4. Nxd4 Nf6 5. Nc3 Nc6 6. Be3 Bb4 7. Nxc6 bxc6 8.
Bd3 d5 9. exd5 cxd5 10. O-O O-O 11. Bg5 Be7 12. Qf3 Rb8 13. Rab1 Bb7 14. Qh3
Ne4 15. Bxe4 dxe4 16. Rfd1 Qe8 17. Bf4 Rc8 18. Be5 f5 19. Qg3 Bf6 20. Rd2 Qc6
21. Rd6 Qc4 22. Rbd1 f4 23. Qxf4 Be7 24. Qg3 Rf7 25. R1d4 Qc5 26. Rxe6 Rcf8 27.
h3 Bc8 28. Nxe4 Qxc2 29. Rxe7 Rxe7 30. Bd6 Rxe4 31. Bxf8 Re1+ 32. Kh2 Kxf8 33.
Qd6+ Kf7 34. Rf4+ Bf5 35. Qd5+ Kg6 36. g4 Be6 37. Qh5# 1-0

[Event "XI Weekend B"]
[Site "Gorgonzola ITA"]
[Date "2006.11.11"]
[Round "1"]
[White "Cantu', Guido"]
[Black "Villalba, Fernando"]
[Result "1-0"]
[WhiteElo "1819"]
[BlackElo "1911"]
[PlyCount "120"]
[EventDate "2006.11.11"]

1. e4 c5 2. Nf3 e6 3. d4 cxd4 4. Nxd4 d6 5. Nc3 Nf6 6. g4 Nc6 7. g5 Nd7 8. Be3
Be7 9. Rg1 a6 10. Be2 Nde5 11. f4 Ng6 12. Nf3 b5 13. Qd2 Qa5 14. h4 b4 15. Nd1
Bd8 16. Qxd6 Qc7 17. Qxc7 Bxc7 18. e5 Bb7 19. Nf2 Nge7 20. Nd3 Nf5 21. Bf2 Nce7
22. O-O-O Nd5 23. Nd4 Nxd4 24. Bxd4 O-O 25. Bc5 Rfc8 26. Bxb4 a5 27. Bd2 Bb6
28. Rg3 Rc7 29. Bf3 Rac8 30. c3 a4 31. Bxd5 Bxd5 32. Nb4 Be4 33. Be3 Ba5 34.
Rd4 Bf5 35. a3 Bb6 36. Rd6 Ba5 37. Ra6 Bxb4 38. axb4 Rb8 39. Bc5 Rd8 40. Bd6
Rb7 41. Rxa4 Rc8 42. Kd2 g6 43. Rg1 Be4 44. Rga1 Rb5 45. Ra5 Rd5+ 46. Ke3 Rxa5
47. Rxa5 Bd5 48. Rc5 Ra8 49. c4 Bh1 50. Ra5 Rc8 51. Kd4 Kg7 52. b5 h6 53. Be7
hxg5 54. Bxg5 Bg2 55. c5 Bd5 56. b4 Kf8 57. c6 Ke8 58. Ra7 Rb8 59. Kc5 Be4 60.
b6 Rc8 1-0

[Event "XI Weekend B"]
[Site "Gorgonzola ITA"]
[Date "2006.11.11"]
[Round "1"]
[White "Cartella, Giovanni"]
[Black "Casartelli, Fabio"]
[Result "1-0"]
[WhiteElo "1851"]
[BlackElo "1947"]
[PlyCount "93"]
[EventDate "2006.11.11"]

1. d4 d5 2. Nf3 Nf6 3. Bg5 Nbd7 4. e3 e6 5. Nbd2 c6 6. c3 Be7 7. Bd3 c5 8. h4
b6 9. Bb5 O-O 10. Bc6 Rb8 11. Bf4 Bb7 12. Bxb8 Bxc6 13. Bf4 Nh5 14. Ne5 Nxf4
15. exf4 Bb7 16. Nxd7 Qxd7 17. Nf3 Ba6 18. Qd2 Rc8 19. a4 cxd4 20. Nxd4 Bc5 21.
Nb5 f6 22. O-O Be7 23. Rfe1 Bb7 24. Nxa7 Re8 25. Nb5 f5 26. g3 Bf6 27. Nd4 Kf7
28. Qe2 Bc8 29. Qb5 Qc7 30. Qe2 Qc5 31. Nxf5 e5 32. Qh5+ Kf8 33. Qxh7 e4 34. b4
Qc6 35. b5 Qc5 36. Nd4 Qxc3 37. Rac1 Bxd4 38. Rxc3 Bxc3 39. Rc1 d4 40. Qh8+ Kf7
41. Qh5+ Kf8 42. Qd5 Bg4 43. Qd6+ Kg8 44. Qg6 Bd7 45. Qxb6 d3 46. Rxc3 e3 47.
fxe3 1-0

[Event "XI Weekend B"]
[Site "Gorgonzola ITA"]
[Date "2006.11.11"]
[Round "1"]
[White "Ciciotti, Augusto"]
[Black "Cervini, Gian Piero"]
[Result "1/2-1/2"]
[WhiteElo "1909"]
[BlackElo "1808"]
[PlyCount "90"]
[EventDate "2006.11.11"]

1. d4 Nf6 2. c4 g6 3. Nc3 Bg7 4. e4 d6 5. Nf3 O-O 6. Be2 e5 7. O-O Nc6 8. d5
Ne7 9. b4 Nd7 10. Bg5 f6 11. Bh4 g5 12. Bg3 h5 13. h4 g4 14. Nd2 f5 15. exf5
Nxf5 16. Nde4 Nxh4 17. c5 Nf5 18. Qd3 Nf6 19. Nxf6+ Bxf6 20. Ne4 Bg7 21. Rad1
a6 22. Qc4 Nd4 23. f3 Bd7 24. Rxd4 Bb5 25. Qc2 exd4 26. Bxb5 axb5 27. cxd6 cxd6
28. Bxd6 Re8 29. Qc5 gxf3 30. Bc7 Qh4 31. gxf3 Rxa2 32. Qd6 d3 33. Qg6 Qe7 34.
d6 Qe5 35. Nf6+ Qxf6 36. Qxe8+ Bf8 37. Qxh5 Bxd6 38. Qd5+ Kg7 39. Qxa2 Bxc7 40.
Qg2+ Kf7 41. Qg4 Bb6+ 42. Kh1 Qh6+ 43. Kg2 Qd2+ 44. Kh3 Qh6+ 45. Kg2 Qd2+
1/2-1/2

[Event "XI Weekend B"]
[Site "Gorgonzola ITA"]
[Date "2006.11.11"]
[Round "1"]
[White "Conti, Walter"]
[Black "Crippa, Mario"]
[Result "1/2-1/2"]
[WhiteElo "1806"]
[BlackElo "1895"]
[PlyCount "52"]
[EventDate "2006.11.11"]

1. d4 Nf6 2. Nf3 d6 3. Bg5 Nbd7 4. e3 g6 5. Nbd2 Bg7 6. Be2 O-O 7. h3 c5 8. c3
b6 9. O-O Bb7 10. Re1 Qc7 11. Bf1 e5 12. dxe5 Nxe5 13. Nxe5 dxe5 14. e4 h6 15.
Bxf6 Bxf6 16. Qc2 Rad8 17. Rad1 a6 18. a4 Bg7 19. Nc4 Rxd1 20. Rxd1 Rd8 21. f3
Rxd1 22. Qxd1 b5 23. Qd6 Qxd6 24. Nxd6 Bc6 25. axb5 axb5 26. Bxb5 Bf8 1/2-1/2

[Event "XI Weekend B"]
[Site "Gorgonzola ITA"]
[Date "2006.11.11"]
[Round "1"]
[White "De La Pena, Elmer"]
[Black "Bongiorni, Gabriele"]
[Result "1-0"]
[WhiteElo "1892"]
[BlackElo "1793"]
[PlyCount "59"]
[EventDate "2006.11.11"]

1. d4 Nf6 2. c4 e6 3. Nc3 Bb4 4. a3 Bxc3+ 5. bxc3 d5 6. f3 a6 7. a4 O-O 8. Qc2
Re8 9. Bf4 Nbd7 10. Bg3 Nb6 11. c5 Nc4 12. e4 Ne3 13. Qd3 Nxf1 14. Kxf1 dxe4
15. fxe4 Bd7 16. Bh4 Bc6 17. e5 Qd5 18. Nf3 Ne4 19. c4 Qd7 20. Qe3 b5 21. cxb6
cxb6 22. Ra3 b5 23. Nd2 Nxd2+ 24. Qxd2 bxc4 25. Rg3 Be4 26. Rxg7+ Kh8 27. Bf6
Bd3+ 28. Ke1 Qd8 29. Qg5 Qa5+ 30. Kf2 1-0

[Event "XI Weekend B"]
[Site "Gorgonzola ITA"]
[Date "2006.11.11"]
[Round "1"]
[White "Eynard, Valdo"]
[Black "Cambieri, Mario"]
[Result "1-0"]
[WhiteElo "1986"]
[BlackElo "1877"]
[PlyCount "68"]
[EventDate "2006.11.11"]

1. d4 Nf6 2. Nf3 e6 3. Bg5 Be7 4. e3 O-O 5. c4 c5 6. Nc3 cxd4 7. Nxd4 Nc6 8.
Nxc6 bxc6 9. Be2 Rb8 10. Qc2 d5 11. Bf4 Bd6 12. Bxd6 Qxd6 13. a3 e5 14. O-O e4
15. cxd5 cxd5 16. Rfd1 Qe5 17. Rd4 Be6 18. Rad1 Rfd8 19. h3 Qg5 20. Kf1 Ne8 21.
Qd2 Nc7 22. Nxe4 Qh6 23. Ng3 Nb5 24. Bxb5 Rxb5 25. b4 f5 26. Qd3 Rb7 27. Ne2 g5
28. Nc3 Rf8 29. Nxd5 f4 30. exf4 gxf4 31. Qf3 Rd7 32. Nf6+ Qxf6 33. Rxd7 Bxd7
34. Rxd7 Qf5 1-0

[Event "XI Weekend B"]
[Site "Gorgonzola ITA"]
[Date "2006.11.11"]
[Round "1"]
[White "Fiorili, Roberto"]
[Black "Barrera, Pietro"]
[Result "1-0"]
[WhiteElo "1942"]
[BlackElo "1839"]
[PlyCount "103"]
[EventDate "2006.11.11"]

1. e4 c5 2. Nf3 g6 3. d4 cxd4 4. Nxd4 Bg7 5. Nc3 Nc6 6. Be3 Nf6 7. f3 O-O 8.
Qd2 Re8 9. O-O-O d6 10. g4 Bd7 11. h4 Rc8 12. h5 Ne5 13. hxg6 fxg6 14. Bh6 Bh8
15. Be2 Qa5 16. Nb3 Qc7 17. g5 Nh5 18. f4 Nc4 19. Qd5+ e6 20. Qxc4 Qxc4 21.
Bxc4 Rxc4 22. Rxd6 Bxc3 23. Rxd7 Bh8 24. Nd2 Rb4 25. c3 Ra4 26. f5 exf5 27.
exf5 Ng3 28. f6 Rf4 29. Rh4 Rf5 30. Rc4 Nh5 31. Rcc7 Nxf6 32. gxf6 Bxf6 33. Bg7
Rd8 34. Bxf6 Rxd7 35. Rxd7 Rxf6 36. Rxb7 h5 37. Rb4 Kg7 38. Kd1 g5 39. Ke2 Kg6
40. Re4 g4 41. Nf1 Kg5 42. Nh2 Rf5 43. b4 Kh4 44. Nf1 Rf6 45. a4 Rf3 46. Ne3
Kh3 47. c4 g3 48. Re8 Rf7 49. Rg8 h4 50. b5 Kh2 51. a5 h3 52. b6 1-0

[Event "XI Weekend B"]
[Site "Gorgonzola ITA"]
[Date "2006.11.11"]
[Round "1"]
[White "Milanesi, Erminio"]
[Black "Bernago, Federico"]
[Result "0-1"]
[WhiteElo "1879"]
[BlackElo "1990"]
[PlyCount "58"]
[EventDate "2006.11.11"]

1. e4 c5 2. d3 Nc6 3. g3 g6 4. c3 Bg7 5. Nh3 d5 6. f3 e5 7. Nf2 Nge7 8. Bg2 Be6
9. Na3 d4 10. c4 a6 11. O-O O-O 12. Bd2 Rb8 13. b3 Qd7 14. Nc2 b5 15. Na3 bxc4
16. Nxc4 Bxc4 17. bxc4 Rb6 18. Qa4 Qb7 19. f4 Rb2 20. Ba5 Nxa5 21. Qxa5 Qb6 22.
Qe1 Qb4 23. fxe5 Qxe1 24. Rfxe1 Nc6 25. Kf1 Nxe5 26. Re2 Rfb8 27. Nd1 Rb1 28.
Rxb1 Rxb1 29. Rd2 Bh6 0-1

[Event "XI Weekend B"]
[Site "Gorgonzola ITA"]
[Date "2006.11.11"]
[Round "1"]
[White "Murli, Almerico"]
[Black "Lanni, Vincenzo"]
[Result "1/2-1/2"]
[WhiteElo "1889"]
[BlackElo "1784"]
[PlyCount "77"]
[EventDate "2006.11.11"]

1. e4 g6 2. d4 Bg7 3. Nc3 d6 4. f4 Nf6 5. Nf3 O-O 6. Bd3 c6 7. O-O Nbd7 8. e5
dxe5 9. dxe5 Nd5 10. Nxd5 cxd5 11. Be3 Nb6 12. Qe2 Bg4 13. Bd4 Qc7 14. h3 Bxf3
15. Qxf3 e6 16. Qf2 Rfc8 17. Rae1 Bf8 18. g4 Bc5 19. Bxc5 Qxc5 20. Qxc5 Rxc5
21. b3 Rc7 22. f5 Rf8 23. Rf2 Nd7 24. Bb5 Nc5 25. fxe6 fxe6 26. Rxf8+ Kxf8 27.
Bf1 Ne4 28. Bd3 Ng5 29. Kg2 Ke7 30. c4 dxc4 31. Bxc4 Nf7 32. Kf3 Rc5 33. Bf1
Nxe5+ 34. Ke4 Nf7 35. Kd4 Rd5+ 36. Kc3 Rc5+ 37. Kd4 Rc2 38. a4 Ng5 39. Re3
1/2-1/2

[Event "XI Weekend B"]
[Site "Gorgonzola ITA"]
[Date "2006.11.11"]
[Round "1"]
[White "Oteri, Aldo"]
[Black "Bettini, Massimo"]
[Result "1-0"]
[WhiteElo "1954"]
[BlackElo "1860"]
[PlyCount "74"]
[EventDate "2006.11.11"]

1. e4 e5 2. Nf3 Nc6 3. Bb5 a6 4. Ba4 Nf6 5. d4 b5 6. Bb3 Na5 7. Bxf7+ Kxf7 8.
dxe5 Bb7 9. exf6 gxf6 10. Nc3 Qe7 11. O-O d6 12. Re1 Rg8 13. Nd4 Ke8 14. Nf5
Qf7 15. Nd5 Kd7 16. g3 Re8 17. Bh6 Nc4 18. Bxf8 Rgxf8 19. b3 Ne5 20. f4 Ng6 21.
Qd4 h5 22. Nxc7 Kxc7 23. Nxd6 Qd7 24. Nxe8+ Qxe8 25. Rad1 Qc6 26. Rd3 Kb8 27.
Rc3 Qe8 28. Qd6+ Ka8 29. Rc7 f5 30. Qb6 Qb8 31. Rxb7 Qxb7 32. Qxg6 Qa7+ 33. Kg2
Rc8 34. Re2 Qd4 35. Qxf5 Rc3 36. Qd5+ Qxd5 37. exd5 Kb7 1-0

[Event "XI Weekend B"]
[Site "Gorgonzola ITA"]
[Date "2006.11.11"]
[Round "1"]
[White "Pulcini, Giorgio"]
[Black "Scarpellini, Felice"]
[Result "1/2-1/2"]
[WhiteElo "1762"]
[BlackElo "1887"]
[PlyCount "96"]
[EventDate "2006.11.11"]

1. e4 d6 2. d4 g6 3. Nc3 Bg7 4. Bf4 c6 5. e5 d5 6. Qd2 e6 7. Bd3 Nd7 8. Nf3 a6
9. Qe3 b5 10. Ng5 Qe7 11. O-O c5 12. Bxb5 cxd4 13. Qxd4 Nh6 14. Bc6 Rb8 15. g3
Nf5 16. Nxd5 Nxd4 17. Nxe7 Kxe7 18. Bxd7 Bxd7 19. Rfe1 h6 20. Rad1 hxg5 21.
Bxg5+ f6 22. exf6+ Bxf6 23. Bxf6+ Kxf6 24. Rxd4 Rh7 25. Red1 Bc6 26. b3 Rbh8
27. Rf4+ Ke7 28. Kf1 Rxh2 29. Ke1 Rg2 30. Rc4 Bf3 31. Rc7+ Kf6 32. Rd4 Rh1+ 33.
Kd2 g5 34. Ke3 g4 35. Rf4+ Kg6 36. Re7 Re1+ 37. Kd2 Re2+ 38. Kd3 Rgxf2 39. Rff7
Rd2+ 40. Kc3 Rxc2+ 41. Kb4 a5+ 42. Kxa5 Rxa2+ 43. Kb4 Rfe2 44. Rh7 Rac2 45.
Ref7 Re4+ 46. Ka3 Rc5 47. Rhg7+ Kh6 48. Rh7+ Kg6 1/2-1/2

[Event "XI Weekend B"]
[Site "Gorgonzola ITA"]
[Date "2006.11.11"]
[Round "1"]
[White "Regorda, Massimiliano"]
[Black "Olivo, Mario"]
[Result "1-0"]
[WhiteElo "1862"]
[BlackElo "1954"]
[PlyCount "91"]
[EventDate "2006.11.11"]

1. e4 c5 2. Nf3 d6 3. Bb5+ Nd7 4. O-O Ngf6 5. Re1 a6 6. Bxd7+ Nxd7 7. d4 cxd4
8. Nxd4 g6 9. Nc3 Bg7 10. Be3 Ne5 11. b3 O-O 12. h3 h6 13. Qd2 Kh7 14. f4 Nd7
15. f5 Ne5 16. Rf1 Bd7 17. Rf2 Rc8 18. Raf1 g5 19. Nd5 f6 20. Nf3 Nxf3+ 21.
gxf3 Rc6 22. f4 Rh8 23. Rg2 Qf8 24. Kh1 Be8 25. Rfg1 Bh5 26. Qf2 Qf7 27. h4 g4
28. Qd2 Rhc8 29. c4 Qe8 30. a4 Qd8 31. Nb4 Qc7 32. Nxc6 bxc6 33. b4 Qb7 34. Rb1
Bf7 35. Rxg4 h5 36. Rg3 Bxc4 37. Rbg1 Bf8 38. Qg2 e6 39. fxe6 Bxe6 40. f5 Bc4
41. Rg8 Qf7 42. Qg6+ Qxg6 43. R8xg6 Bd3 44. Rxf6 Bxe4+ 45. Kh2 Bf3 46. Rf7+ 1-0